Statistics for SpongeBob Character Picture Quiz

Click here to take the quiz!

General Stats

  • This quiz has been taken 378 times
  • The average score is 14 of 20

Answer Stats

Answer% Correct
SpongeBob Squarepants
99%
Patrick Star
98%
Squidward Tentacles
97%
Sheldon Plankton
93%
Eugene H. Krabs
92%
Sandy Cheeks
92%
Gary
90%
Mrs. Puff
84%
Pearl Krabs
80%
Larry the Lobster
79%
Mermaid Man
77%
Karen Plankton
76%
Barnacle Boy
72%
Flying Dutchman
58%
DoodleBob
57%
Dirty Bubble
52%
Man Ray
47%
Bubble Bass
39%
Flats the Flounder
29%
Squilliam Fancyson
27%

Score Distribution

Percentile by Number Answered

Percent of People with Each Score

Your Score History

You have not taken this quiz